| 000 | 00479nam a22001697a 4500 | ||
|---|---|---|---|
| 001 | 00028475 | ||
| 005 | 20260306082110.0 | ||
| 008 | 260306b ag ||||| |||| 00| 0 spa d | ||
| 040 |
_bspa _cAR-CcCEOS |
||
| 080 | _a875 | ||
| 090 | _bGRI | ||
| 100 | 1 |
_aGriffero, Maria Celina _9785 |
|
| 245 |
_a"Medea" de euripides : _bestudio, version y notas / _cMaria Celina Griffero |
||
| 260 |
_aBuenos Aires : _bS.A.C.E.I.I.F.A, _cc1972. |
||
| 300 |
_a71 p. ; _c19x13 cm. |
||
| 942 |
_2udc _cBK |
||
| 999 |
_c28502 _d28502 |
||
| 945 |
_a66467 _bMelina Rolando _c66467 _dMelina Rolando |
||